000 01121cam a2200277 a 4500
999 _c57777
_d57777
001 15351212
005 20201124144046.0
008 080701s2009 si a b 001 0 eng
020 _a9780470823361 (cloth)
041 _aeng
080 _a654.172+004.056 R-51
100 1 _aRhee, Man Young.
_99764
245 1 0 _aMobile communication systems and security /
_cMan Young Rhee.
260 _aHoboken, NJ :
_a[Piscataway, NJ] :
_bIEEE Press,
_cc2009.
264 _aSingapore :
_bJ. Wiley & Sons (Asia) ,
_c2009.
300 _a439 p. :
_bill. ;
_c26 cm.
650 0 _aMobile communication systems.
_99765
650 0 _aWireless communication systems.
_99766
650 0 _aMobile communication systems
_xSecurity measures.
_99767
650 0 _aWireless communication systems
_xSecurity measures.
_99768
653 _aმობილური კომუნიკაცია
653 _aუსადსენო კავშირი
653 _aუსაფრთხოების ზომები
856 4 1 _3Table of contents only
_uhttp://www.loc.gov/catdir/toc/ecip0823/2008029106.html
942 _2udc
_cBK